[Event "71st MNE-ch 2019"]
[Site "Podgorica"]
[Date "2019.05.18"]
[Round "1.1"]
[White "Djukic, Nikola"]
[Black "Popadic, Dragan"]
[Result "1/2-1/2"]
[WhiteElo "2552"]
[BlackElo "2198"]
[Annotator "TA"]
[PlyCount "92"]
[EventDate "2019.05.18"]
[EventType "swiss"]
[EventRounds "9"]
[EventCountry "MNE"]
[SourceTitle "playchess.com"]
[Source "ChessBase"]
[SourceQuality "1"]

{[%evp 17,92,27,47,47,61,46,56,46,44,42,64,42,47,27,37,32,42,39,41,44,50,-72,-61,-84,-85,-63,-62,-94,-88,-74,-72,-59,-42,-113,-88,-122,-99,-87,-88,-136,-127,-131,-42,-63,-62,-64,-66,-68,-47,-70,-52,-54,-35,-37,-36,-36,-36,-54,-56,-64,-64,-52,-47,-51,-23,-27,0,-58,-45,-91,0,0,0,0,0,0,0]} 1. c4 Nf6 2. Nc3 g6 3. g3 Bg7 4. Bg2 O-O 5. e3 d6 6. Nge2 c5 7. d4 Nc6 8. O-O Bd7 9. b3 Qc8 10. d5 {E61: King's Indian: Early deviations for White, including Smyslov System} (10. Re1 Bh3 11. Bh1 Bg4 12. Bb2 Rb8 13. Qd2 Rd8 14. Nd5 cxd4 15. exd4 Re8 16. Nef4 Nxd5 17. cxd5 Nd8 18. f3 {0-1 (26) Agdestein,S (2606)-Matlakov,M (2689) Berlin 2015}) 10... Na5 11. Bd2 Qd8 $146 ({Predecessor:} 11... a6 12. a4 e5 13. e4 Qe8 14. Nc1 b6 15. Rb1 Ng4 16. f3 Nh6 17. Nd3 f5 {½-½ (32) Pohjosmaki,R (2289)-Tocklin,T (2245) ICCF email 2016}) 12. Qc2 {White is slightly better.} a6 13. a4 b6 14. e4 Rb8 15. h3 e6 16. Bf4 Qc7 17. Rad1 {dxe6 is the strong threat.} e5 18. Bd2 $1 Ne8 19. f4 (19. Rb1 $14 {keeps the upper hand.}) 19... exf4 $17 20. gxf4 {[#]} b5 $1 21. axb5 axb5 22. cxb5 Bxb5 23. Nxb5 Rxb5 24. Rf3 Qb6 {[%cal Ra5b3]} 25. Bxa5 ({White should try} 25. Nc1 $15) 25... Rxa5 26. Kh2 Qa6 {aiming for ...Ra2.} 27. Nc1 Ra1 28. Bf1 Qa3 29. Bc4 Bh6 (29... Bd4 $17 30. Ne2 Ra2) 30. Ne2 $15 Rxd1 31. Qxd1 Qb2 32. Qc1 Qf6 33. Qc3 Qh4 34. e5 Bg7 35. Qe3 Qe7 {[%cal Rd6e5]} 36. e6 $1 Nc7 37. exf7+ Qxf7 38. Qd3 Kh8 39. Ng3 Bf6 40. Ne4 Qd7 41. Kg2 Qe7 42. Ng3 (42. Nxc5 $11 dxc5 43. d6 {[%mdl 64] Double Attack}) 42... Bh4 43. Ne4 {[#]} Bf6 (43... Ne8 $1 $17 44. Qc3+ Ng7) 44. Nxc5 {The position is equal.} dxc5 45. d6 {[%mdl 64] Double Attack} Qd7 {Hoping for ...Ne8.} 46. dxc7 Qxc7 {Accuracy: White = 54%, Black = 63%.} 1/2-1/2

[Event "71st MNE-ch 2019"]
[Site "Podgorica"]
[Date "2019.05.18"]
[Round "1.2"]
[White "Milovic, Aleksandra"]
[Black "Blagojevic, Dragisa"]
[Result "0-1"]
[WhiteElo "2185"]
[BlackElo "2499"]
[Annotator "RC"]
[PlyCount "58"]
[EventDate "2019.05.18"]
[EventType "swiss"]
[EventRounds "9"]
[EventCountry "MNE"]
[SourceTitle "playchess.com"]
[Source "ChessBase"]
[SourceQuality "1"]
[TimeControl "40/5400+30:1800+30"]

1. b3 d5 2. Bb2 Bg4 3. h3 Bh5 4. g4 Bg6 5. Nf3 e6 6. Ne5 Be4 7. Rg1 f6 8. d3 fxe5 9. dxe4 d4 10. e3 Bc5 11. exd4 exd4 12. Nd2 Nc6 13. Bb5 Nge7 14. Qe2 O-O 15. O-O-O Ne5 16. Bd3 N7g6 17. Rg3 Nf4 18. Qf1 Qf6 19. Bc4 a6 20. g5 Qe7 21. g6 Nfxg6 22. b4 Bxb4 23. Bxd4 b5 24. Bb3 c5 25. Bxe5 Nxe5 26. c4 Qf6 27. Nb1 Rab8 28. Rd6 Qf4+ 29. Kc2 Qxg3 0-1

[Event "71st MNE-ch 2019"]
[Site "Podgorica"]
[Date "2019.05.18"]
[Round "1.3"]
[White "Kalezic, Blazo"]
[Black "Karisik, Nenad"]
[Result "1-0"]
[WhiteElo "2450"]
[BlackElo "2128"]
[Annotator "TA"]
[PlyCount "57"]
[EventDate "2019.05.18"]
[EventType "swiss"]
[EventRounds "9"]
[EventCountry "MNE"]
[SourceTitle "playchess.com"]
[Source "ChessBase"]
[SourceQuality "1"]

{[%evp 15,57,-82,-67,-77,-10,-18,-25,-12,0,-7,0,0,0,0,0,0,61,0,0,-150,-159,-166,-152,-180,-136,-240,-227,-279,-156,-168,-46,-93,-35,-25,0,0,0,0,0,0,834,810,752,764]} 1. e4 c6 2. d4 d5 3. e5 Bf5 4. Nc3 e6 5. g4 Bg6 6. Nge2 f6 7. Nf4 fxe5 8. Nxg6 hxg6 9. dxe5 {B12: Caro-Kann: Advance Variation} Bb4 (9... Nd7 $17) (9... Nd7 10. Qe2 Nh6 11. Bd2 Qh4 12. h3 Nxg4 13. Bg2 Ngxe5 14. O-O-O g5 15. Rhf1 Bd6 16. Kb1 O-O-O {0-1 (41) Kanovsky,D (2472)-Jaracz,P (2575) Pardubice 2011}) 10. Bd3 Ne7 11. Bg5 {Black has an edge.} Qc7 $146 ({Predecessor:} 11... Qa5 12. Qd2 d4 13. Bxe7 Qxe5+ 14. Qe2 Qxe2+ 15. Kxe2 Kxe7 16. Ne4 Nd7 {0-1 (42) Janiszewski,M (2054)-Galyga,Z (2154) Chorzow 2008}) 12. f4 d4 {[%mdl 64] Pin} 13. a3 $1 {[%cal Ra3b4]} dxc3 14. axb4 cxb2 15. Rb1 Qb6 (15... c5 $11) 16. Qd2 (16. Rxb2 $14 Qe3+ 17. Kf1) 16... a5 {[%cal Ba7a5,Ba5a4,Ba4a3][%mdl 32]} 17. b5 {[#]} ({Better is} 17. bxa5 $11 Rxa5 18. Ke2 (18. Bxe7 Kxe7 19. Kf1 Ra2 $17)) 17... a4 $1 $17 {[%cal Ra4a3] White must now prevent ...a3.} 18. Rxb2 a3 19. Ra2 cxb5 20. Bxe7 (20. f5 $17) 20... Kxe7 $19 21. f5 exf5 (21... Nc6 $19 {Threatens to win with ...Qd4.} 22. f6+ gxf6 23. exf6+ Kf8) 22. gxf5 $17 Nd7 (22... Nc6 $19 {...Qd4 is the strong threat.} 23. Qg5+ Kd7 24. Qxg6 Qe3+ {[%mdl 64] Double Attack} 25. Kd1 Qf3+ 26. Kd2 Qf4+ 27. Kd1 Qf3+ 28. Kd2 Qf4+ 29. Kd1 Kc8) 23. Qg5+ $1 $15 {[#]} Ke8 ({Black should try} 23... Kf8 $1 $17 24. fxg6 Ke8) 24. Kd1 $1 Qc6 25. Re1 {Strongly threatening e6.} Qd5 26. Qxg6+ Kd8 $1 27. e6 Nc5 $2 {[%mdl 8192]} (27... Qxa2 28. Qxg7 Kc7 29. Qxd7+ Kb8 30. Qd6+ Ka7 31. Qd4+ b6 32. Qd7+ {[%mdl 64] Double Attack} Kb8 33. e7 $18) (27... Qf3+ $11 28. Re2 Qf1+ 29. Re1 Qf3+ 30. Be2 Qd5+ {[%mdl 64] Double Attack} 31. Bd3 Qf3+) 28. Qxg7 $18 Re8 {[#]} 29. Re5 $3 {[%mdl 512] Accuracy: White = 56%, Black = 30%.} 1-0

[Event "71st MNE-ch 2019"]
[Site "Podgorica"]
[Date "2019.05.18"]
[Round "1.4"]
[White "Abramovic, Dragoljub"]
[Black "Nikcevic, Nebojsa"]
[Result "0-1"]
[WhiteElo "2063"]
[BlackElo "2435"]
[Annotator "TA RC"]
[PlyCount "72"]
[EventDate "2019.05.18"]
[EventType "swiss"]
[EventRounds "9"]
[EventCountry "MNE"]
[SourceTitle "playchess.com"]
[Source "ChessBase"]
[SourceQuality "1"]

{[%evp 12,120,0,0,0,0,0,-1,0,0,11,9,0,0,39,32,34,34,46,22,16,10,12,15,16,0,16,14,11,0,9,0,5,-24,-15,-28,-29,-24,-7,-6,0,-42,-45,-52,-17,-64,-67,-64,-54,-81,-67,-72,-79,-80,-83,-105,-67,-101,-95,-87,-73,-152,-113,-115,-121,-237,-242,-233,-244,-237,-243,-242,-239,-243,-233,-224,-239,-230,-235,-228,-237,-312,-293,-279,-278,-271,-282,-335,-197,-346,-346,-289,-112,-371,-370,-368,-360,-563,-545,-675,-680,-29984,-5089,-781,-1302,-29968,-29967,-29988,-29989,-29990,-29991]} 1. d4 Nf6 2. Nf3 d6 3. Bf4 g6 4. Nbd2 Bg7 5. h3 Nc6 6. e3 O-O 7. Bc4 Qe8 {A48: 1 d4 Nf6 2 Nf3 g6: Torre, London and Colle Systems} 8. O-O e5 9. dxe5 (9. Bh2 Bf5 10. c3 Rd8 11. b4 Ne4 12. Nxe4 Bxe4 13. Nd2 Bf5 14. Nb3 {½-½ (30) Bagirov,R (2504)-Chadaev,N (2459) Moscow 2006}) 9... dxe5 {The position is equal.} 10. Bh2 a6 $146 ({Predecessor:} 10... e4 11. Nd4 Nxd4 12. exd4 Qc6 13. c3 b6 14. Re1 Bb7 15. Bf1 {1-0 (52) Feibert,F (2225)-Becker,M Landau 1988}) 11. c3 Qe7 12. Qc2 Bf5 13. e4 Bd7 14. Rfe1 Nh5 15. Nf1 Na5 16. Be2 Nf4 17. Ne3 Nxe2+ 18. Qxe2 Rae8 19. b4 {[#] Nd5 is the strong threat.} Nc6 20. Nd5 Qd8 21. Rad1 f6 22. Rd2 Rf7 23. Red1 Qc8 24. Ne1 Be6 25. Nd3 Bh6 26. Ne3 b6 27. Rb2 Bg7 28. Ng4 Rd8 29. Ne3 f5 30. exf5 gxf5 31. Ne1 f4 $36 {[%mdl 2048] Keeping White busy.} 32. Rxd8+ Qxd8 33. Rd2 Rd7 34. Nf1 Rxd2 35. Nxd2 {White wants to play Bxf4!} Qd5 36. Nb3 ({White should try} 36. g3) 36... Na7 {Played: Qd5-c4} 0-1

[Event "71st MNE-ch 2019"]
[Site "Podgorica"]
[Date "2019.05.18"]
[Round "1.5"]
[White "Draskovic, Luka"]
[Black "Marsenic, Lazar"]
[Result "1-0"]
[WhiteElo "2430"]
[BlackElo "2047"]
[Annotator "TA"]
[PlyCount "53"]
[EventDate "2019.05.18"]
[EventType "swiss"]
[EventRounds "9"]
[EventCountry "MNE"]
[SourceTitle "playchess.com"]
[Source "ChessBase"]
[SourceQuality "1"]

{[%evp 21,53,0,0,0,29,-24,-19,-15,0,0,0,0,19,27,117,120,129,68,539,537,1031,1022,1007,1000,991,988,898,737,922,916,1007,1000,931,917]} 1. c4 Nf6 2. Nc3 c5 3. g3 d5 4. cxd5 Nxd5 5. Bg2 Nc7 6. Nf3 Nc6 7. O-O e5 8. d3 Be7 9. Nd2 Bd7 10. Nc4 f6 11. a4 O-O 12. a5 {A34: Symmetrical English: 2 Nc3, lines with ...d5} Qc8 (12... Kh8 13. f4 exf4 14. Bxf4 Ne6 15. Bd2 Rc8 16. Nd5 Be8 17. Bc3 Nb4 18. Nf4 Nxf4 19. gxf4 Nd5 20. f5 Bf7 21. Qa4 {½-½ (21) Dvirnyy,D (2554)-Ruck,R (2575) Bol 2013}) 13. Be3 ({White should play} 13. f4) 13... Rd8 $146 ({Predecessor:} 13... Bh3 14. Bxh3 Qxh3 15. Qb3 Qe6 16. f4 Rab8 17. f5 Qf7 18. Ne4 b5 19. axb6 axb6 {½-½ (69) Barbalic,Z (2043)-Moisa,L ICCF email 2007}) 14. f4 {The position is equal.} exf4 15. Bxf4 Be8 16. Ne4 {Hoping for Ncd6.} Ne6 17. Bd6 $36 {[%mdl 2048] White fights for an advantage.} Qd7 (17... Bxd6 $1 $11 {remains equal.} 18. Ncxd6 (18. Nexd6 Qc7 $11) 18... Qc7) 18. Bh3 $16 {Black must now prevent Nxc5!} Bxd6 19. Ncxd6 (19. Rxf6 $1 $16 Kh8 20. Bxe6 (20. Rxe6 Be7 $16)) 19... Bf7 $2 {[%mdl 8192] [#]} ({Black should try} 19... Kh8 $14) 20. Rxf6 $1 $18 {[%mdl 576] Demolition. White is clearly winning.} gxf6 21. Nxf6+ {[%mdl 64] Double Attack} Kg7 22. Nxd7 Rxd7 23. Nxf7 Kxf7 24. Ra4 Re7 25. Qf1+ Kg8 26. Bxe6+ Rxe6 27. Rg4+ {Accuracy: White = 45%, Black = 23%.} 1-0

[Event "71st MNE-ch 2019"]
[Site "Podgorica"]
[Date "2019.05.18"]
[Round "1.6"]
[White "Koljevic, Nikolina"]
[Black "Drasko, Milan"]
[Result "0-1"]
[WhiteElo "1964"]
[BlackElo "2418"]
[Annotator "TA"]
[PlyCount "66"]
[EventDate "2019.05.18"]
[EventType "swiss"]
[EventRounds "9"]
[EventCountry "MNE"]
[SourceTitle "playchess.com"]
[Source "ChessBase"]
[SourceQuality "1"]

{[%evp 12,66,14,25,23,-50,-43,-44,-41,-61,-52,-76,0,-45,-25,-43,-37,-45,-48,-53,-39,-71,-43,-64,-76,-76,0,-139,24,13,24,14,24,24,24,24,24,24,24,24,24,24,30,30,30,24,24,0,0,0,0,0,0,0,0,-466,-465]} 1. e4 e6 2. d4 d5 3. Nc3 Bb4 4. e5 c5 5. a3 Bxc3+ 6. bxc3 Qc7 7. Qg4 Kf8 {C18: French: 3 Nc3 Bb4: Main line: 7 h4 and 7 Qg4} ({Don't go for} 7... cxd4 $2 8. Qxg7 (8. Qxd4 Nc6 $15) 8... Qxc3+ 9. Kd1 $18) 8. Kd1 (8. Bd2 $11) 8... b6 $15 9. a4 $146 ({Predecessor:} 9. h4 Ba6 10. Bxa6 Nxa6 11. h5 cxd4 12. cxd4 Rc8 13. Ne2 Qxc2+ 14. Ke1 h6 15. Rh3 {½-½ (56) Khachiyan,M (2420)-Lputian,S (2585) Yerevan 1995}) 9... Ba6 {Black is slightly better.} 10. Nf3 Bxf1 11. Rxf1 Nd7 (11... Ne7 $17) 12. Re1 Rc8 13. Re2 h6 14. h4 Ne7 15. h5 Kg8 16. Nh4 Kh7 17. Qf4 Rhf8 18. g4 f6 ({Better is} 18... cxd4 $17 19. cxd4 Qc4) 19. Qe3 {[#]} (19. exf6 $1 $11 {was the only way to keep the balance.} Qxf4 20. Bxf4 Rxf6 21. Be3) 19... f5 $2 (19... cxd4 $1 $17 20. cxd4 fxe5 21. dxe5 Nc5) 20. g5 $11 {[%cal Rg5h6]} cxd4 21. cxd4 {[%cal Rg5h6]} Qc3 22. Ra3 Qxe3 23. g6+ Kg8 24. fxe3 Nc6 25. Ng2 Na5 26. Nf4 Rc6 27. Bd2 Nc4 28. Ra2 a5 29. Rf2 Rb8 30. Nd3 b5 31. axb5 Rxb5 32. Ke2 Rb1 33. Rf1 $2 {[%mdl 8192] [#]} (33. Be1 $11 {and White stays safe.}) 33... Rxf1 {Accuracy: White = 43%, Black = 61%.} 0-1

[Event "71st MNE-ch 2019"]
[Site "Podgorica"]
[Date "2019.05.18"]
[Round "1.7"]
[White "Pecurica, Milos"]
[Black "Pobor, Milo"]
[Result "1/2-1/2"]
[WhiteElo "2365"]
[BlackElo "1960"]
[Annotator "ChessBase"]
[PlyCount "32"]
[EventDate "2019.05.18"]
[EventType "swiss"]
[EventRounds "9"]
[EventCountry "MNE"]
[SourceTitle "playchess.com"]
[Source "ChessBase"]
[SourceQuality "1"]
[TimeControl "40/5400+30:1800+30"]

1. d4 c5 2. d5 Nf6 3. c4 g6 4. Nc3 Bg7 5. e4 d6 6. h3 O-O 7. Nf3 e6 8. Bd3 exd5 9. exd5 Re8+ 10. Be3 a6 11. O-O Nbd7 12. Qd2 Nh5 13. g4 Ne5 14. Nxe5 Bxe5 15. gxh5 Qh4 16. Rfe1 Bh2+ 1/2-1/2

[Event "71st MNE-ch 2019"]
[Site "Podgorica"]
[Date "2019.05.18"]
[Round "1.8"]
[White "Miletic, Vuk"]
[Black "Tomic, Aleksandar"]
[Result "1/2-1/2"]
[WhiteElo "1954"]
[BlackElo "2357"]
[Annotator "TA"]
[PlyCount "109"]
[EventDate "2019.05.18"]
[EventType "swiss"]
[EventRounds "9"]
[EventCountry "MNE"]
[SourceTitle "playchess.com"]
[Source "ChessBase"]
[SourceQuality "1"]

{[%evp 24,109,27,41,33,0,13,-16,-10,-22,-29,-45,-32,-23,0,0,0,0,0,0,0,0,0,0,0,-6,-2,0,0,-10,0,0,39,39,36,41,52,47,68,58,139,162,343,343,309,110,108,98,79,-33,-4,-113,-109,-120,-118,-141,-66,-85,-62,-85,-71,-81,-56,-81,-22,-34,-33,-30,0,0,0,-14,0,0,0,-6,0,0,0,0,0,0,0,-71,-71,-71,-27,-27]} 1. d4 Nf6 2. c4 e6 3. Nf3 c5 4. d5 exd5 5. cxd5 d6 6. Nc3 g6 7. Nd2 Bg7 8. e4 O-O 9. Be2 Re8 10. O-O Na6 11. Re1 Nc7 12. h3 Rb8 13. a4 b6 {A78: Modern Benoni: Classical: 9...Re8 10 Nd2 Na6} 14. Bf1 (14. Bb5 Re7 15. Bf1 Re8 16. Bb5 Re7 17. Bf1 Re8 {½-½ (17) Shirov,A (2705)-Gashimov,V (2757) Porto Carras 2011}) 14... a6 $1 {[%cal Ba7a6,Ba6b5,Bb5b4][%mdl 32]} 15. Nc4 b5 {The position is equal.} 16. axb5 axb5 17. Na5 {Threatens to win with Nc6.} Bd7 18. Bg5 $146 ({Predecessor:} 18. Nc6 Bxc6 19. dxc6 b4 20. Nd5 Ncxd5 21. exd5 Rxe1 22. Qxe1 Nxd5 {1-0 (29) Gomez Jurado,L (2201)-Orteu Capdevila,M (2160) Barcelona 2019}) 18... b4 19. Nb1 {[%cal Bc3b1,Bb1d2,Bd2b3,Bb3a5,Ba5c6][%mdl 32]} h6 20. Bxf6 $1 Qxf6 21. Nc4 {Strongly threatening Ra7.} Nb5 22. Ra6 Qd8 23. Nbd2 Bc8 24. Rc6 Bf8 25. Nb3 Na7 26. Nba5 Rb5 27. Qa4 $36 {[%mdl 2048] White has the initiative.} Bd7 {...Rb8 is the strong threat.} (27... Rxa5 $5 28. Nxa5 Nxc6 29. Nxc6 (29. dxc6 Re7 $11) 29... Qb6 $11) 28. Ra6 Rb6 29. Nc6 Rxa6 30. Qxa6 Nxc6 31. dxc6 Bc8 (31... Be6 $14) 32. Qb6 $16 Qf6 $2 (32... Be6 {was necessary.}) 33. c7 $18 Qe6 34. Qc6 $2 (34. Qb8 $18 {is more deadly.} Bg7 35. Nb6) 34... d5 $16 35. Qxe6 Rxe6 {[#]} 36. Nd2 (36. Ne3 $1 $16) 36... Re7 37. Re3 (37. Ra1 $11 {remains equal.}) 37... d4 $17 ({But not} 37... Rxc7 38. exd5 Rd7 39. Bc4 $15) 38. Re1 Rxc7 39. Ra1 {[#]} Re7 ({Black should try} 39... d3 $1 $17 {[%mdl 512] And now ...c4 would win.} 40. Nc4 (40. Bxd3 Rd7) 40... Be6 41. Bxd3 Rd7) 40. Bd3 h5 41. Ra5 Be6 42. b3 Re8 43. Kf1 g5 (43... Kg7 $17) 44. f3 $11 Kg7 45. Bc4 Bxc4+ 46. Nxc4 {[%mdl 4096] Endgame KRB-KRN} Re6 47. g4 Be7 48. Ra7 Bf8 49. Ra8 Be7 50. Ra7 Bf6 51. Ra5 Rc6 52. Rb5 Kg6 53. Rb6 (53. Ke2 $11) 53... Rxb6 $17 54. Nxb6 d3 55. Nc4 {Accuracy: White = 49%, Black = 46%.} 1/2-1/2

[Event "71st MNE-ch 2019"]
[Site "Podgorica"]
[Date "2019.05.18"]
[Round "1.9"]
[White "Lekic, Dusan"]
[Black "Petrovic, Slavko"]
[Result "1-0"]
[WhiteElo "2352"]
[BlackElo "1945"]
[Annotator "TA"]
[PlyCount "87"]
[EventDate "2019.05.18"]
[EventType "swiss"]
[EventRounds "9"]
[EventCountry "MNE"]
[SourceTitle "playchess.com"]
[Source "ChessBase"]
[SourceQuality "1"]

{[%evp 10,87,39,24,66,57,85,62,64,61,93,86,90,91,106,71,68,16,26,29,68,68,108,112,116,105,112,110,131,126,130,130,177,172,194,194,313,313,312,307,305,260,273,244,249,249,239,241,230,163,161,138,142,114,128,127,135,113,239,122,270,266,547,547,544,533,490,460,766,764,723,636,1142,1135,1032,974,1741,1458,2007,1967]} 1. d4 d5 2. c4 e6 3. g3 c6 4. Qc2 f5 5. Bg2 Nf6 6. Nh3 Qb6 {A90: Dutch Defence: Miscellaneous and Modern Stonewall (with ...Bd6)} (6... Bd6 7. O-O O-O 8. Bf4 Be7 9. Rd1 Ne4 10. Nd2 Nd7 11. f3 Nxd2 12. Bxd2 Bf6 13. Bb4 Be7 14. Bxe7 Qxe7 15. Nf4 Nf6 16. Nd3 Bd7 {0-1 (66) Gelfand,B (2743)-Radjabov,T (2734) Beijing 2014}) 7. e3 Bb4+ 8. Bd2 $146 ({Predecessor:} 8. Nd2 O-O 9. O-O Be7 10. Nf3 Ne4 11. Ne5 Nd7 12. Nd3 Qd8 13. Nhf4 Ndf6 14. f3 {½-½ (26) Solaesa Navalpotro,L (2216)-Rodriguez Yuste,M (2243) Parla 2008}) 8... Ne4 {White is slightly better.} 9. O-O Nxd2 10. Nxd2 Bxd2 11. Qxd2 Nd7 12. c5 Qd8 13. f3 (13. Nf4 $14 Qe7 14. b4) 13... O-O 14. Nf4 Qf6 15. e4 $36 {[%mdl 2048] White is pushing.} Qh6 16. exd5 exd5 17. Rae1 Nf6 18. Re7 Rf7 19. Rxf7 Kxf7 20. Re1 a5 21. Qe3 {White wants to mate with Qe7+.} Bd7 22. Qb3 a4 (22... Rb8 {was worth a try.} 23. Qb6 (23. Qe3 Kg8 $16) 23... g6 24. Qxa5 Qf8) 23. Qxb7 $18 Re8 24. Rxe8 Kxe8 25. Qa8+ Ke7 26. Qxa4 Nh5 27. Ne2 $1 Qd2 {[#]} 28. Kf2 $1 f4 29. Qb3 fxg3+ 30. hxg3 Nxg3 31. Qe3+ ({Stronger than} 31. Kxg3 Qxe2 32. Kh2 Qf2 $11) 31... Qxe3+ 32. Kxe3 $16 {[%mdl 4096] Endgame KBN-KBN} Nf5+ 33. Kf2 g5 (33... h5 $16) 34. b4 (34. Bh3 $18) 34... Kd8 (34... h5 $16 {was necessary.} 35. a4 Kd8) 35. Bh3 $18 h5 $2 {[#]} (35... Ng7) 36. Bxf5 $1 {White is clearly winning.} Bxf5 {KB-KN} 37. Nc3 Kc7 38. a4 {[%cal Ba2a4,Ba4b5,Bb5b6][%mdl 32]} Be6 (38... h4 $142 39. Kg2 Kb7) 39. b5 cxb5 40. axb5 h4 41. b6+ Kc6 {[#]} 42. Nb5 $1 {[%mdl 512]} Bg8 (42... Kxb5 43. b7) 43. Nd6 Bh7 44. Nf7 {Accuracy: White = 63%, Black = 31%.} 1-0

[Event "71st MNE-ch 2019"]
[Site "Podgorica"]
[Date "2019.05.18"]
[Round "1.10"]
[White "Vujovic, Savo"]
[Black "Nikac, Predrag"]
[Result "1/2-1/2"]
[WhiteElo "1940"]
[BlackElo "2319"]
[Annotator "TA"]
[PlyCount "69"]
[EventDate "2019.05.18"]
[EventType "swiss"]
[EventRounds "9"]
[EventCountry "MNE"]
[SourceTitle "playchess.com"]
[Source "ChessBase"]
[SourceQuality "1"]

{[%evp 15,69,72,76,84,98,31,50,8,49,31,43,5,9,0,57,43,96,85,85,75,97,47,47,46,54,37,106,52,121,67,59,21,96,36,29,-5,-12,-3,-6,-12,-8,-40,-19,-17,-28,-16,13,0,0,0,0,0,0,0,0,0]} 1. e4 c5 2. Nf3 Nc6 3. Bb5 g6 4. O-O Bg7 5. Re1 Nf6 6. e5 Nd5 7. Nc3 Nxc3 8. dxc3 O-O 9. Qd5 {B31: Sicilian: 2...Nc6 3 Bb5 g6} Qb6 (9... b6 10. Bf4 Qc7 11. e6 Qxf4 12. exd7 Bxd7 13. Qxd7 Ne5 14. Nxe5 Bxe5 15. g3 Qf6 16. Rad1 Bd6 {½-½ (58) Jovanovic,Z (2539)-Malakhov,V (2707) Mainz 2009}) 10. Bc4 (10. a4 $16) 10... Na5 11. Bf1 {White is slightly better.} Qc6 12. c4 d6 13. exd6 $146 ({Predecessor:} 13. Qd2 Qc7 14. exd6 exd6 15. Qf4 Bf5 16. c3 Nc6 {0-1 (48) Bakalarz,M (2329)-Boidman,Y (2403) Luxembourg 2000}) 13... exd6 14. Bf4 Rd8 (14... Bxb2 $11 15. Rab1 (15. Bxd6 Rd8 $15) 15... Bc3) 15. Bg5 $36 {[%mdl 2048] Black is under pressure.} Qxd5 (15... Rf8 $14) 16. cxd5 $16 f6 17. Bd2 b6 18. Bc3 Bf5 19. Re7 Rd7 20. Rae1 Kf8 (20... Rxe7 $14 21. Rxe7 Bxc2) 21. R7e3 ({White should play} 21. Rxd7 $16 Bxd7 22. Ng5) 21... a6 (21... Bh6 $14) 22. g3 (22. Bd3 $16) 22... Bxc2 23. Bh3 Rf7 {[#]} (23... f5 $11) 24. Bxa5 ({Better is} 24. b3 $1 $16) 24... bxa5 $14 25. Re6 Rd8 26. Nd2 $1 f5 27. Nc4 Rf6 28. Bg2 Bd3 29. Nxd6 {Intending Re8+ and mate.} Rxe6 30. Rxe6 c4 {The position is equal.} 31. Nb7 Re8 32. Rxe8+ Kxe8 33. Bf1 Bxb2 {Hoping for ...Bxf1.} 34. Nd6+ {[%mdl 64] [#] Double Attack} Kd7 35. Nxc4 {Accuracy: White = 25%, Black = 34%.} 1/2-1/2

[Event "71st MNE-ch 2019"]
[Site "Podgorica"]
[Date "2019.05.18"]
[Round "1.11"]
[White "Musovic, Armin"]
[Black "Djurovic, Peko"]
[Result "1/2-1/2"]
[WhiteElo "2297"]
[BlackElo "1898"]
[Annotator "RC"]
[PlyCount "99"]
[EventDate "2019.05.18"]
[EventType "swiss"]
[EventRounds "9"]
[EventCountry "MNE"]
[SourceTitle "playchess.com"]
[Source "ChessBase"]
[SourceQuality "1"]
[TimeControl "40/5400+30:1800+30"]

1. d4 c5 2. c3 e6 3. e4 Nf6 4. e5 Nd5 5. Nf3 cxd4 6. cxd4 d6 7. Nc3 dxe5 8. dxe5 Nxc3 9. Qxd8+ Kxd8 10. bxc3 Nc6 11. Ng5 Ke8 12. f4 f6 13. exf6 gxf6 14. Ne4 f5 15. Nf6+ Kf7 16. Nh5 Bc5 17. Be2 Rg8 18. Bf3 e5 19. Bd5+ Be6 20. Bxe6+ Kxe6 21. fxe5 Nxe5 22. Nf4+ Kf6 23. Kd1 Rad8+ 24. Kc2 b5 25. Re1 Rge8 26. Be3 Bxe3 27. Rxe3 Nc4 28. Rxe8 Rxe8 29. a4 a6 30. axb5 axb5 31. Ra7 Rd8 32. Rxh7 Rd2+ 33. Kc1 Rf2 34. Rh6+ Kg7 35. Rh4 Ne3 36. Rh3 Rf1+ 37. Kb2 Nc4+ 38. Kb3 Rxf4 39. Kb4 Ne3+ 40. Kxb5 Nxg2 41. c4 Rh4 42. Rg3+ Rg4 43. c5 Rxg3 44. hxg3 Ne3 45. c6 Nd5 46. Kc5 Ne7 47. Kd6 Kf6 48. c7 Nc8+ 49. Kd7 Na7 50. c8=Q 1/2-1/2